Исследование процесса доизмельчения цирконсодержащего концентрата; Химия и химическая технология в XXI веке; Т. 2

Dettagli Bibliografici
Parent link:Химия и химическая технология в XXI веке: материалы XXII Международной научно-практической конференции студентов и молодых ученых имени выдающихся химиков Л. П. Кулёва и Н. М. Кижнера, посвященной 125-летию со дня основания Томского политехнического университета, Томск, 17-20 мая 2021 г./ Национальный исследовательский Томский политехнический университет (ТПУ) ; Инженерная школа природных ресурсов ; Исследовательская школа химических и биомедицинских технологий.— , 2021
Т. 2.— 2021.— [С. 115]
Autore principale: Казанцова В. А.
Ente Autore: Национальный исследовательский Томский политехнический университет Инженерная школа ядерных технологий Отделение ядерно-топливного цикла
Altri autori: Передерин Ю. В. Юрий Владимирович (научный руководитель), Усольцева И. О. Ирина Олеговна
Riassunto:Заглавие с титульного экрана
Lingua:russo
Pubblicazione: 2021
Serie:Процессы и аппараты химической технологии
Soggetti:
Accesso online:http://earchive.tpu.ru/handle/11683/67705
Natura: MixedMaterials Elettronico Capitolo di libro
KOHA link:https://koha.lib.tpu.ru/cgi-bin/koha/opac-detail.pl?biblionumber=632927

MARC

LEADER 00000naa2a2200000 4500
001 632927
005 20250826111135.0
035 |a (RuTPU)RU\TPU\conf\34649 
035 |a RU\TPU\conf\34648 
090 |a 632927 
100 |a 20210528d2021 k y0rusy50 ca 
101 0 |a rus 
102 |a RU 
135 |a drcn ---uucaa 
181 0 |a i  
182 0 |a b 
200 1 |a Исследование процесса доизмельчения цирконсодержащего концентрата  |f В. А. Казанцова, Ю. В. Передерин, И. О. Усольцева  |g науч. рук. Ю. В. Передерин 
203 |a Текст  |c электронный 
225 1 |a Процессы и аппараты химической технологии 
300 |a Заглавие с титульного экрана 
320 |a [Библиогр.: с. 115 (2 назв.)] 
461 1 |0 (RuTPU)RU\TPU\conf\34506  |t Химия и химическая технология в XXI веке  |o материалы XXII Международной научно-практической конференции студентов и молодых ученых имени выдающихся химиков Л. П. Кулёва и Н. М. Кижнера, посвященной 125-летию со дня основания Томского политехнического университета, Томск, 17-20 мая 2021 г.  |o в 2 т.  |f Национальный исследовательский Томский политехнический университет (ТПУ) ; Инженерная школа природных ресурсов ; Исследовательская школа химических и биомедицинских технологий  |d 2021 
463 1 |0 (RuTPU)RU\TPU\conf\34508  |t Т. 2  |v [С. 115]  |d 2021 
610 1 |a труды учёных ТПУ 
610 1 |a электронный ресурс 
610 1 |a цирконий 
610 1 |a рудоподготовка 
610 1 |a конструкционные материалы 
610 1 |a ТВЭЛы 
610 1 |a истирание 
610 1 |a технологические свойства 
700 1 |a Казанцова  |b В. А. 
701 1 |a Передерин  |b Ю. В.  |c химик-технолог  |c доцент Томского политехнического университета, кандидат технических наук  |f 1980-  |g Юрий Владимирович  |3 (RuTPU)RU\TPU\pers\36361  |9 19432 
701 1 |a Усольцева  |b И. О.  |c химик  |c старший преподаватель Томского политехнического университета  |f 1993-  |g Ирина Олеговна  |3 (RuTPU)RU\TPU\pers\36944  |9 19963 
702 1 |a Передерин  |b Ю. В.  |c химик-технолог  |c ведущий технолог Томского политехнического университета, кандидат технических наук  |f 1980-  |g Юрий Владимирович  |4 727 
712 0 2 |a Национальный исследовательский Томский политехнический университет  |b Инженерная школа ядерных технологий  |b Отделение ядерно-топливного цикла  |3 (RuTPU)RU\TPU\col\23554 
801 2 |a RU  |b 63413507  |c 20210625  |g RCR 
856 4 |u http://earchive.tpu.ru/handle/11683/67705 
942 |c CF